000 nam a22 7a 4500
999 _c8250
_d8250
008 171213b xxu||||| |||| 00| 0 eng d
100 _94674
_aKIPLING.R
245 _aTHE JUNGLE BOOK
260 _aNEW DELHI
_bHAR ANAND
_c2017